Online
Catalog

Justicia como equidad : (Record no. 25029)

MARC details
000 -CABECERA
campo de control de longitud fija 00644cam a2200181 a 4500
001 - NÚMERO DE CONTROL
campo de control 000025537
005 - FECHA Y HORA DE LA ÚLTIMA TRANSACCIÓN
campo de control 20200930023848.0
008 - DATOS DE LONGITUD FIJA--INFORMACIÓN GENERAL
campo de control de longitud fija 901219s1986 sp r 000 | spa d
040 ## - FUENTE DE LA CATALOGACIÓN
Centro catalogador/agencia de origen DO-SdBNP
Lengua de catalogación spa
Centro/agencia transcriptor BNPHU
082 ## - NÚMERO DE LA CLASIFICACIÓN DECIMAL DEWEY
Número de clasificación xxxx
Número de documento/Ítem R261j
100 1# - ENTRADA PRINCIPAL--NOMBRE DE PERSONA
Nombre de persona Rawls, John
9 (RLIN) 45972
245 10 - MENCIÓN DE TÍTULO
Título Justicia como equidad :
Resto del título materiales para una teoría de la justicia /
Mención de responsabilidad, etc. John Rawls ; traducción Miguel Angel Rodilla.
260 ## - PUBLICACIÓN, DISTRIBUCIÓN, ETC.
Lugar de publicación, distribución, etc. Madrid :
Nombre del editor, distribuidor, etc. Tecnos,
Fecha de publicación, distribución, etc. 1986.
300 ## - DESCRIPCIÓN FÍSICA
Extensión 217 p. ;
Dimensiones 24 cm.
500 ## - NOTA GENERAL
Nota general Bibliografía : p. 214-217
500 ## - NOTA GENERAL
Nota general Incluye referencias bibliográficas y notas al pie de las páginas
700 1# - PUNTO DE ACCESO ADICIONAL--NOMBRE DE PERSONA
Nombre de persona Rodilla, Miguel Angel,
Término indicativo de función/relación tr.
9 (RLIN) 52195
Holdings
Estado de retiro Estado de pérdida Restricciones de uso No para préstamo Código de colección Localización permanente Ubicación/localización actual Ubicación en estantería Fecha de adquisición Número de inventario Total de préstamos Signatura topográfica completa Código de barras Fecha visto por última vez Precio válido a partir de Tipo de ítem Koha
      Excluido de préstamo Monografías: Libros y Folletos General General Depósito 17.02.2011 LF1   xxxx R261j 25537-10 25.06.2020 25.06.2020 No se presta

Powered by Koha